000 00412nam a2200169Ia 4500
003 GCL
008 140319s9999 xx 000 0 eng d
040 _aGCL /
_cGCL
082 0 4 _a336.73
_bR P
100 1 _aROSEN, HARVEYS
245 1 0 _aPUBLIC FINANCE /
_cROSEN, HARVEYS
260 _a[S.N] :
_bIRWIN ،
_c1995
300 _a623 P
650 0 4 _aUNITED STATES
650 0 4 _aFINANCE - PUBLIC
942 _2ddc
_cBK
999 _c11652
_d11652